Loading...
Philosophy | 0 | 6 | 0 | 1 | 60 | 47 | 99.17 | 2 | 3 |
Literature - European Literature | 0 | 6 | 1 | 2 | 55 | 93 | 123.83 | 0 | 1 |
History - European History | 0 | 6 | 1 | 0 | 55 | 53 | 98.83 | 0 | 3 |
Religion | 0 | 6 | 2 | 1 | 50 | 53 | 111.83 | 2 | 2 |
History - American History | 0 | 5 | 1 | 1 | 45 | 95 | 112.60 | 0 | 1 |
History - Other History | 0 | 5 | 1 | 0 | 45 | 110 | 133.80 | 0 | 0 |
Science - Physics | 0 | 4 | 0 | 1 | 40 | 145 | 150.25 | 0 | 0 |
Science - Biology | 0 | 5 | 3 | 3 | 35 | 100 | 116.60 | 0 | 0 |
Social Science | 0 | 4 | 2 | 1 | 30 | 119 | 133.75 | 0 | 0 |
Literature - American Literature | 0 | 3 | 0 | 1 | 30 | 127 | 138.33 | 0 | 0 |
Science - Other Science | 0 | 4 | 2 | 0 | 30 | 90 | 115.00 | 0 | 0 |
Literature - British Literature | 0 | 4 | 3 | 0 | 25 | 62 | 110.50 | 0 | 1 |
Fine Arts - Painting & Sculpture | 0 | 4 | 3 | 1 | 25 | 128 | 148.00 | 0 | 0 |
Science - Chemistry | 0 | 3 | 1 | 0 | 25 | 116 | 125.00 | 0 | 0 |
Current Events | 0 | 3 | 1 | 0 | 25 | 62 | 79.00 | 1 | 2 |
Other Academic | 0 | 2 | 0 | 1 | 20 | 105 | 128.50 | 0 | 0 |
Mythology | 0 | 3 | 2 | 1 | 20 | 74 | 123.67 | 0 | 0 |
History - World History | 0 | 2 | 1 | 2 | 15 | 143 | 146.00 | 0 | 0 |
Fine Arts - Other Fine Arts | 0 | 2 | 1 | 0 | 15 | 61 | 73.50 | 0 | 1 |
Literature - World Literature | 0 | 2 | 1 | 1 | 15 | 116 | 134.00 | 0 | 1 |
Geography | 0 | 2 | 2 | 0 | 10 | 60 | 80.00 | 0 | 1 |
Fine Arts - Classical Music | 0 | 1 | 1 | 0 | 5 | 149 | 149.00 | 0 | 0 |